Linguistics

Uloženo v:
Podrobná bibliografie
Hlavní autor: Crystal, David
Médium: Kniha
Jazyk:English
Vydáno: Londres, Inglaterra Penguin Books 1971
Témata:
Tagy: Přidat tag
Žádné tagy, Buďte první, kdo vytvoří štítek k tomuto záznamu!

MARC

LEADER 00000nam a2200000Ia 4500
008 170316s9999 xx 000 0 eng d
040 |a cru BVZT 
090 |a 410 C-26L 
100 |a Crystal, David 
245 |a Linguistics 
260 |a Londres, Inglaterra 
260 |b Penguin Books 
260 |c 1971 
300 |a 267 páginas 
650 0 |a LINGÜÍSTICA  |9 55 
999 |c 18296  |d 18296 
942 |c 15 D  |h 410 C-26L  |2 z